Thách thức an ninh phi truyền thống tại Đông Bắc Á trong thập niên đầu thế kỷ XXI và dự báo trong 10 năm tới /
Guardado en:
| Autor principal: | |
|---|---|
| Formato: | Artículo |
| Lenguaje: | Vietnamese |
| Materias: | |
| Etiquetas: |
Agregar Etiqueta
Sin Etiquetas, Sea el primero en etiquetar este registro!
|
| Thư viện lưu trữ: | Thư viện Trường Đại học Đà Lạt |
|---|
| LEADER | 00883nam a2200277 4500 | ||
|---|---|---|---|
| 001 | DLU140163873 | ||
| 005 | ##20140909 | ||
| 040 | # | # | |a DLU |b vie |
| 041 | # | # | |a vie |
| 044 | # | # | |a vn |
| 100 | # | # | |a Vũ Thị Mai, |c ThS. |
| 245 | # | # | |a Thách thức an ninh phi truyền thống tại Đông Bắc Á trong thập niên đầu thế kỷ XXI và dự báo trong 10 năm tới / |c Vũ Thị Mai. |
| 653 | # | # | |a An ninh |
| 653 | # | # | |a An ninh lương thực |
| 653 | # | # | |a An ninh năng lượng |
| 653 | # | # | |a Di cư |
| 773 | # | # | |t Tạp chí Nghiên cứu Đông Bắc Á |g Số 9(139), 2012, tr.12-24 |
| 920 | # | # | |a Phòng Tạp chí -- Trung tâm Thông tin - Thư viện Trường Đại học Đà Lạt |
| 994 | # | # | |a DLU |
| 900 | # | # | |a True |
| 911 | # | # | |a Trần Thị Minh Hương |
| 925 | # | # | |a G |
| 926 | # | # | |a A |
| 927 | # | # | |a BB |
| 980 | # | # | |a Thư viện Trường Đại học Đà Lạt |